000 01267nam2a2200313 4500
001 RU\NLR\BIBL_A\012225260
005 20250806200644.0
035 _a(NLR Aleph) 012225260
090 _a64380
_c64380
100 _a20250806 rusy50
101 0 _audm
102 _aRU
135 _acrgn 008anaba
200 0 _a1944, № 38 (7202) (23 февр.)
210 _d1944
325 1 _aКопия доступна в электронной библиотеке РНБ
461 0 _1001RU\NLR\BIBL_A\012209396
_12001#$aУдмурт дунне$eвань удмуртъёслэн газетсы$v1944, № 38 (7202) (23 февр.)
852 _aNLR
_bОНЛ
_jУдмур.-г./2-7
856 0 _uhttp://vivaldi.nlr.ru/pn700014912/view
856 1 _uhttp://vivaldi.nlr.ru/pn700014912/cover
856 2 _uhttp://vivaldi.nlr.ru/pn700014912/text
901 _eГазеты
942 _cISSNP
945 _aРоссийская национальная библиотека
980 _aNB
980 _aBV
981 2 7 _a(27) Периодические издания
_b(27) Газеты